Volunteers in prison after-care: (Record no. 762)
[ view plain ]
| 000 -LEADER | |
|---|---|
| fixed length control field | 01164cam a2200313 4500 |
| 001 - CONTROL NUMBER | |
| control field | 1246202 |
| 003 - CONTROL NUMBER IDENTIFIER | |
| control field | OSt |
| 005 - DATE AND TIME OF LATEST TRANSACTION | |
| control field | 20110722090635.0 |
| 008 - FIXED-LENGTH DATA ELEMENTS--GENERAL INFORMATION | |
| fixed length control field | 720327s1971 enk s 001 0 eng |
| 010 ## - LIBRARY OF CONGRESS CONTROL NUMBER | |
| LC control number | 72176624 |
| 015 ## - NATIONAL BIBLIOGRAPHY NUMBER | |
| National bibliography number | B71-11574 |
| 020 ## - INTERNATIONAL STANDARD BOOK NUMBER | |
| International Standard Book Number | 0043010326 |
| 040 ## - CATALOGING SOURCE | |
| Original cataloging agency | DLC |
| Transcribing agency | DLC |
| Modifying agency | DLC |
| 043 ## - GEOGRAPHIC AREA CODE | |
| Geographic area code | e-uk-en |
| 050 00 - LIBRARY OF CONGRESS CALL NUMBER | |
| Classification number | HV9348.L6 |
| Item number | B36 |
| 082 00 - DEWEY DECIMAL CLASSIFICATION NUMBER | |
| Classification number | 364.8 BAR |
| 100 1# - MAIN ENTRY--PERSONAL NAME | |
| Personal name | Barr, Hugh. |
| 9 (RLIN) | 2083 |
| 245 10 - TITLE STATEMENT | |
| Title | Volunteers in prison after-care: |
| Remainder of title | the report of the Teamwork Associates Pilot Project; |
| Statement of responsibility, etc | with a foreword by Sir Leon Radzinowicz. |
| 260 ## - PUBLICATION, DISTRIBUTION, ETC. (IMPRINT) | |
| Place of publication, distribution, etc | London, |
| Name of publisher, distributor, etc | Allen and Unwin, |
| Date of publication, distribution, etc | 1971. |
| 300 ## - PHYSICAL DESCRIPTION | |
| Extent | 3-167 p. |
| Dimensions | 23 cm. |
| 350 ## - PRICE (NR) (BK AM CF MU VM SE) [OBSOLETE] | |
| Price | £2.75 |
| 490 1# - SERIES STATEMENT | |
| Series statement | National Institute for Social Work Training series, no. 20 [i.e. no. 21] |
| 650 #0 - SUBJECT ADDED ENTRY--TOPICAL TERM | |
| Topical term or geographic name as entry element | Volunteer workers in corrections |
| Geographic subdivision | England |
| -- | London. |
| 9 (RLIN) | 2084 |
| 650 #0 - SUBJECT ADDED ENTRY--TOPICAL TERM | |
| Topical term or geographic name as entry element | Probation |
| Geographic subdivision | England |
| -- | London. |
| 9 (RLIN) | 2085 |
| 830 #0 - SERIES ADDED ENTRY--UNIFORM TITLE | |
| Uniform title | National Institute for Social Work Training series, |
| Volume number/sequential designation | no. 21. |
| 9 (RLIN) | 2086 |
| 906 ## - LOCAL DATA ELEMENT F, LDF (RLIN) | |
| a | 7 |
| b | cbc |
| c | orignew |
| d | 3 |
| e | ncip |
| f | 19 |
| g | y-gencatlg |
| 942 ## - ADDED ENTRY ELEMENTS (KOHA) | |
| Source of classification or shelving scheme | Dewey Decimal Classification |
| Koha item type | Books |
| Withdrawn status | Lost status | Source of classification or shelving scheme | Damaged status | Not for loan | Home library | Current library | Shelving location | Date acquired | Total Checkouts | Full call number | Barcode | Date last seen | Price effective from | Koha item type |
|---|---|---|---|---|---|---|---|---|---|---|---|---|---|---|
| Dewey Decimal Classification | Law Development Centre Main Library | Law Development Centre Main Library | Text Books and Laws | 04/28/2011 | 364.8 BAR | 2011/2514 | 04/28/2011 | 04/28/2011 | Books |
